002870000a2200121000450000500170000024500310001726000420004830000100009004000080010036500080010865000200011665000290013620120302055451.0 a Bhaashechaa Navaa Abhyaas aPune:Jagatap-Kaarale Prakaashan,1960. a210p. aMAR b2/- aBhaashaashastra aMaraathi-Bhaashaashastra